00342pab a2200133 454500008004000000100002200040245004700062260000900109300001600118362000800134650001600142700002100158773002900179180718b2008 xxu||||| |||| 00| 0 eng d aJensen, Robert T. aGiven behavior and subsistence consumption c2008 ap.1553-577. aSep aConsumption aMiller, Nolan H. aAmerican Economic Review